Terchová celkový pohľad na obec : Osada Jánošíkovia : Amfiteáter : Socha Jura Jánošíka od národného umelca J. Kulicha

Zobrazenie: Na striebornom podklade v bielom orámovaní pohľady na domy stojace okolo ulice, na sochu Juraja Jánošíka a na folklórne slávnosti v amfiteátri

Bibliographic Details
Other Authors: Breier, Pavol, 1921-2014 (Photographer)
Format: Photo
Language:Slovak
PhysicalDescription:1 pohľadnica (5 čiastkových pohľadov) farebná 11 x 15 cm
Published: Bratislava ČSTK-Pressfoto 1989
Subjects:

MARC

LEADER 00000ckm a2200000 a 4500
001 vtls001206538
003 SK-MaSNL
005 20260331202851.0
007 kf co
008 230718s1989 xo g 0kuslo
015 |a SNBG1989 
035 |a SNK000149608 
035 |a urn:nbn:sk:snk-km3luy9 
035 |a 227E8E22-6EB1-4885-AF3E-E1739B6D5B87 
035 |a urn:nbn:sk:snk-km00dsyu 
040 |a SNK  |b slo  |c SNK  |e AACR2 
041 0 |a slo 
043 |a e-xo--- 
044 |a xo  |c SK 
072 7 |a 913  |x Regionálna geografia  |2 konspekt 
080 |a 913(437.6)  |2 2011 
080 |a 908(437.6)  |2 2011 
080 |a 730  |2 2011 
080 |a (084.121)  |2 2011 
080 |a 725.826  |2 2011 
100 1 |a Breier, Pavol,  |d 1921-2014  |4 pht  |9 168038 
245 1 0 |a Terchová  |h grafika  |b celkový pohľad na obec : Osada Jánošíkovia : Amfiteáter : Socha Jura Jánošíka od národného umelca J. Kulicha  |c foto: P. Breier; grafický návrh: J. Býma 
246 1 |i Názov na obrazovej časti:  |a Terchová 
260 |a Bratislava  |b ČSTK-Pressfoto  |c 1989  |e Skalica  |f Grafobal 
300 |a 1 pohľadnica (5 čiastkových pohľadov)  |b farebná  |c 11 x 15 cm 
520 8 |a Zobrazenie: Na striebornom podklade v bielom orámovaní pohľady na domy stojace okolo ulice, na sochu Juraja Jánošíka a na folklórne slávnosti v amfiteátri 
600 1 7 |a Kulich, Ján,  |d 1930-2015.  |t Socha Juraja Jánošíka  |2 SNKMA  |9 441466 
650 0 7 |a sochy  |2 SNKPH  |9 29846 
650 0 7 |a amfiteátre  |2 SNKPH  |9 30719 
651 7 |a Terchová (Slovensko)  |2 SNKPHgeo  |9 68835 
655 7 |a geografické pohľadnice  |2 SNKPH  |9 70522 
655 7 |a miestne pohľadnice  |2 SNKPH  |9 70510 
700 1 |a Býma, J.  |c (grafik)  |4 art  |9 283282 
852 |a Slovenská národná knižnica 
954 |a pohľadnice pôvodné (slovenské)  |2 lita 
958 |a GBN 
958 |a TL 
958 |a GC 
958 |a OND 
958 |a EUIPO 
999 |c 696213  |d 698143 
952 |a SNK  |b SNK  |y PREZ  |7 0  |p 17A1287272  |o snkSP 142804  |i snk3095/90  |0 0  |1 0  |4 0  |d 2019-05-15  |f 1  |l 0  |r 2026-02-23 20:42:06  |w 2026-02-23 
952 |a SNK  |b SNK  |y PREZ  |7 0  |p 17A1287273  |o snkSP 142804 D1  |i snk3096/90  |0 0  |1 0  |4 0  |d 2019-05-15  |l 0  |r 2026-02-23 20:42:06  |w 2026-02-23